Umaga sa dapithapon at iba pang akdâ / (Record no. 1570)
[ view plain ]
| 000 -LEADER | |
|---|---|
| fixed length control field | 00876cam a2200301 a 4500 |
| 001 - CONTROL NUMBER | |
| control field | 2084919 |
| 003 - CONTROL NUMBER IDENTIFIER | |
| control field | OSt |
| 005 - DATE AND TIME OF LATEST TRANSACTION | |
| control field | 20140310181711.0 |
| 008 - FIXED-LENGTH DATA ELEMENTS--GENERAL INFORMATION | |
| fixed length control field | 950817s1994 ph 000 0 tgl |
| 010 ## - LIBRARY OF CONGRESS CONTROL NUMBER | |
| LC control number | 94942379 |
| 020 ## - INTERNATIONAL STANDARD BOOK NUMBER | |
| International Standard Book Number | 9715550207 |
| 040 ## - CATALOGING SOURCE | |
| Original cataloging agency | DLC |
| Transcribing agency | DLC |
| Modifying agency | DLC |
| 042 ## - AUTHENTICATION CODE | |
| Authentication code | lcode |
| 050 00 - LIBRARY OF CONGRESS CALL NUMBER | |
| Classification number | PL 6058.8 |
| Item number | .B621 1994 |
| 082 ## - DEWEY DECIMAL CLASSIFICATION NUMBER | |
| Classification number | FIL 800 |
| Item number | B47 1995 |
| 100 1# - MAIN ENTRY--PERSONAL NAME | |
| Personal name | Bisa, Simplicio P. |
| 245 10 - TITLE STATEMENT | |
| Title | Umaga sa dapithapon at iba pang akdâ / |
| Statement of responsibility, etc | Simplicio P. Bisa. |
| 260 ## - PUBLICATION, DISTRIBUTION, ETC. (IMPRINT) | |
| Place of publication, distribution, etc | Manila, Philippines : |
| Name of publisher, distributor, etc | De La Salle University Press, |
| Date of publication, distribution, etc | 1994. |
| 300 ## - PHYSICAL DESCRIPTION | |
| Extent | viii, 144 p. : |
| Dimensions | 22 cm. |
| 500 ## - GENERAL NOTE | |
| General note | Short stories. |
| 546 ## - LANGUAGE NOTE | |
| Language note | In Tagalog. |
| 562 ## - COPY AND VERSION IDENTIFICATION NOTE | |
| Number of copies | 1 |
| 650 #0 - SUBJECT ADDED ENTRY--TOPICAL TERM | |
| Topical term or geographic name as entry element | Short stories, Tagalog. |
| 906 ## - LOCAL DATA ELEMENT F, LDF (RLIN) | |
| a | 7 |
| b | cbc |
| c | origode |
| d | 4 |
| e | ncip |
| f | 19 |
| g | y-gencatlg |
| 942 ## - ADDED ENTRY ELEMENTS (KOHA) | |
| Source of classification or shelving scheme | Library of Congress Classification |
| Koha item type | Books |
| Withdrawn status | Lost status | Source of classification or shelving scheme | Damaged status | Home library | Current library | Shelving location | Date acquired | Total Checkouts | Full call number | Barcode | Date last seen | Date checked out | Copy number | Price effective from | Koha item type |
|---|---|---|---|---|---|---|---|---|---|---|---|---|---|---|---|
| Library of Congress Classification | Luxembourg Library | Luxembourg Library | Filipiniana Section | 12/08/2012 | 2 | PL 6058.8 .B621 1995 | 3855 | 10/10/2014 | 08/06/2014 | 1 | 03/10/2014 | Books |